000 01457nam a2200121Ia 4500
008 220615s9999||||xx |||||||||||||| ||und||
100 _aWen, Zhang||Wang, Quanrong||Zhan, Hongbin
245 0 _aAdvances in Groundwater Flow and Solute Transport: Pushing the Hidden Boundary
546 _aEnglish[eng]
650 _aLevy stable distribution||n/a||permeameter test||rough single fracture||seawater intrusion||the Beishan area||groundwater flow model||slenderness effect||SW–GW interaction||semi-analytical solution||assessment||hydraulic conductivity||irrigation||first-order analytical approach||Ulan Buh Desert||IUM||solute longitudinal dispersion||soil formation||DSR||bimsoils||nuclear waste disposal||IUV||infiltration||TOUGH2||sustainable development||groundwater ERT||non-Darcian||non-Fickian||GFModel||erosion||permeability coefficient||hydrologic exchange||evaporation calculation||evolving-scale log-conductivity||radioactive contaminant||field measurements||fractured aquifers||desert farmland||analytical solution||silty clay||uncertainty||steady-state vertical flux||flow modeling||non-Darcy flow||percolation||Monte Carlo||solute transport||groundwater flow||salinity map||numerical simulation||stochastic Lagrangian framework||unsaturated flow||fractional derivative||water resource utilization efficiency||heterogeneity||perturbation method||Columbia River||water flow
856 _uhttps://mdpi.com/books/pdfview/book/1599
942 _cEB
999 _c15557
_d15557